<?xml version="1.0" encoding="UTF-8"?>
<collection xmlns="http://www.loc.gov/MARC21/slim">
 <record>
  <leader>01258nam a2200313 a 4500</leader>
  <controlfield tag="001">2453174</controlfield>
  <controlfield tag="008">100201s1998    nyua     b    001 0 eng d</controlfield>
  <datafield tag="010" ind1=" " ind2=" ">
   <subfield code="a">   89022431 </subfield>
  </datafield>
  <datafield tag="020" ind1=" " ind2=" ">
   <subfield code="a">0471515566 (limited ed.)</subfield>
  </datafield>
  <datafield tag="020" ind1=" " ind2=" ">
   <subfield code="a">0471519405</subfield>
  </datafield>
  <datafield tag="040" ind1=" " ind2=" ">
   <subfield code="a">DLC</subfield>
   <subfield code="c">DLC</subfield>
   <subfield code="d">DLC</subfield>
   <subfield code="d">OCoLC</subfield>
   <subfield code="d">DLC</subfield>
   <subfield code="d">DB-DhAAL</subfield>
  </datafield>
  <datafield tag="082" ind1="0" ind2="0">
   <subfield code="a">692/.2</subfield>
   <subfield code="2">20</subfield>
  </datafield>
  <datafield tag="100" ind1="1" ind2=" ">
   <subfield code="a">Ramsey, Charles George,</subfield>
   <subfield code="d">1884-1963.</subfield>
  </datafield>
  <datafield tag="245" ind1="1" ind2="0">
   <subfield code="a">Architectural graphic standards for architects, engineers, decorators, builders, and draftsmen /</subfield>
   <subfield code="c">by Charles George Ramsey, Harold Reeve Sleeper.</subfield>
  </datafield>
  <datafield tag="250" ind1=" " ind2=" ">
   <subfield code="a">Facsim. ed.</subfield>
  </datafield>
  <datafield tag="260" ind1=" " ind2=" ">
   <subfield code="a">New York :</subfield>
   <subfield code="b">Wiley ;</subfield>
   <subfield code="a">London :</subfield>
   <subfield code="b">Chapman &amp; Hall,</subfield>
   <subfield code="c">c1998.</subfield>
  </datafield>
  <datafield tag="300" ind1=" " ind2=" ">
   <subfield code="a">ix, 233 p. :</subfield>
   <subfield code="b">chiefly ill. ;</subfield>
   <subfield code="c">30 cm.</subfield>
  </datafield>
  <datafield tag="500" ind1=" " ind2=" ">
   <subfield code="a">Facsim. of the 1932 ed.</subfield>
  </datafield>
  <datafield tag="500" ind1=" " ind2=" ">
   <subfield code="a">Limited ed. of 1000 copies.</subfield>
  </datafield>
  <datafield tag="504" ind1=" " ind2=" ">
   <subfield code="a">Includes index.</subfield>
  </datafield>
  <datafield tag="541" ind1="1" ind2=" ">
   <subfield code="e">00008430</subfield>
  </datafield>
  <datafield tag="650" ind1=" " ind2="0">
   <subfield code="a">Building</subfield>
   <subfield code="x">Details</subfield>
   <subfield code="v">Drawings.</subfield>
  </datafield>
  <datafield tag="650" ind1=" " ind2="0">
   <subfield code="a">Building</subfield>
   <subfield code="x">Details</subfield>
   <subfield code="x">Drawings</subfield>
   <subfield code="x">Standards.</subfield>
  </datafield>
  <datafield tag="650" ind1=" " ind2="0">
   <subfield code="a">Architecture</subfield>
   <subfield code="x">Details</subfield>
   <subfield code="v">Drawings.</subfield>
  </datafield>
  <datafield tag="700" ind1="1" ind2=" ">
   <subfield code="a">Sleeper, Harold Reeve,</subfield>
   <subfield code="d">1893-1960.</subfield>
  </datafield>
  <datafield tag="852" ind1="4" ind2=" ">
   <subfield code="a">Ayesha Abed Library </subfield>
   <subfield code="j">General Shelf.</subfield>
  </datafield>
  <datafield tag="942" ind1="0" ind2="0">
   <subfield code="0">1</subfield>
  </datafield>
  <datafield tag="999" ind1=" " ind2=" ">
   <subfield code="c">7284</subfield>
   <subfield code="d">7284</subfield>
  </datafield>
  <datafield tag="952" ind1=" " ind2=" ">
   <subfield code="0">0</subfield>
   <subfield code="1">0</subfield>
   <subfield code="2">ddc</subfield>
   <subfield code="4">0</subfield>
   <subfield code="6">692_000000000000000__2_RAM_1998</subfield>
   <subfield code="7">0</subfield>
   <subfield code="9">7684</subfield>
   <subfield code="a">BRACUL</subfield>
   <subfield code="b">BRACUL</subfield>
   <subfield code="c">GEN</subfield>
   <subfield code="d">2010-02-01</subfield>
   <subfield code="l">9</subfield>
   <subfield code="m">91</subfield>
   <subfield code="o">692.2 RAM</subfield>
   <subfield code="p">3010008430</subfield>
   <subfield code="r">2026-05-21</subfield>
   <subfield code="s">2026-02-09</subfield>
   <subfield code="t">1</subfield>
   <subfield code="w">2010-02-01</subfield>
   <subfield code="y">BK</subfield>
  </datafield>
 </record>
</collection>
